ბათუმის შოთა რუსთაველის სახელმწიფო უნივერსიტეტის ბიბლიოთეკა

ლაბორატორიული სამუშაოები მაღალი ძაბვის ტექნიკაში : დამხმ. სახელმძღ. / (ბიბ.ჩანაწერი № 39182)

000 -ლიდერი
ფიქსირებული სიგრძის საკონტროლო ველი 01107nam a2200241Ia 4500
001 - საკონტროლო ნომერი
საკონტროლო ველი 5767
003 - საკონტროლო ნომრის იდენტიფიკატორი
საკონტროლო ველი GE_BSU
005 - ბოლო ოპერაციის თარიღი და დრო
საკონტროლო ველი 20190621175921.0
008 - ფიქსირებული სიგრძის მონაცემთა ელემენტები - ზოგადი ინფორმაცია
ფიქსირებული სიგრძის საკონტროლო ველი 181216s1982|||| |||||||||||||| ||ge ||
041 ## - ენის კოდი
Language code of text/sound track or separate title geo
080 ## - უნივერსალური ათობითი კლასიფიკაციის ინდექსი
Universal Decimal Classification number 621.3.027.3(076.5) ჟ-67
100 ## - მთავარი ჩანაწერი - პიროვნების სახელი
Personal name ჟვანია,ნ.
9 (RLIN) 2754
245 ## - ცნობა სათაურის შესახებ
Title ლაბორატორიული სამუშაოები მაღალი ძაბვის ტექნიკაში : დამხმ. სახელმძღ. /
Statement of responsibility, etc ნ. ჟვანია ; ზ. დიდია ; ზ. ბაბუნაშვილი ; რედ : მ. ძიძიგური.
264 ## - წარმოების, გამოცემის, დისტრიბუციის და სხვა ცნობები
გამოცემის, წარმოების, დისტრიბუციის... ადგილი თბილისი :
გამოცემის, წარმოების, დისტრიბუციის... სახელწოდება სპი,
გამოცემის, წარმოების, დისტრიბუციის... თარიღი 1982.
300 ## - ფიზიკური აღწერა
Extent 115 გვ .:
Dimensions 20 სმ.
500 ## - ზოგადი შენიშვნა
General note ნახ.72; ცხრილი 19.
504 ## - BIBLIOGRAPHY, ETC. NOTE
Bibliography, etc ბიბლიოგრ.:გვ.113
653 ## - INDEX TERM--UNCONTROLLED
Uncontrolled term მაღალი ძაბვის ტექნიკა
700 ## - ADDED ENTRY--PERSONAL NAME
Personal name დიდია, ზ
9 (RLIN) 2755
700 ## - ADDED ENTRY--PERSONAL NAME
Personal name ბაბუნაშვილი,ზ
9 (RLIN) 2756
700 ## - ADDED ENTRY--PERSONAL NAME
Personal name ძიძიგური, მ
Relator term რედაქტორი
9 (RLIN) 472
942 ## - ADDED ENTRY ELEMENTS (KOHA)
Koha item type წიგნი
Source of classification or shelving scheme
ეგზემპლარები
ჩამოწერის სტატუსი დაკარგული ეგზემპლარის სტატუსი კლასიფიკაციის წყარო ან თაროზე გაწყობის სქემა დაზიანების სტატუსი არ გაიცემა მუდმივი მდებარეობა (დაცვის ადგილი) ამჟამინდელი ადგილსამყოფელი თაროზე განთავსების ადგილი შეძენის თარიღი ღირებულება, შესყიდვის ნორმალური ფასი სრული შენახვის შიფრი შტრიხკოდი ბოლო ოპერაციის თარიღი ეგზემპლარის მიმდევრობითი ნომერი (კეტერი?) ფასის ძალაში შესვლის თარიღი ეგზემპლარის სახეობა საჯარო შენიშვნა
          ტექნოლოგიური ფაკულტეტის ბიბლიოთეკა ტექნოლოგიური ფაკულტეტის ბიბლიოთეკა წიგნსაცავი 2018-12-17 0.00 621.3.027.3(076.5) ჟ-67 10751 2018-12-17 10751 2018-12-17 წიგნი 0,40 თ.
          ტექნოლოგიური ფაკულტეტის ბიბლიოთეკა ტექნოლოგიური ფაკულტეტის ბიბლიოთეკა წიგნსაცავი 2018-12-17 0.00 621.3.027.3(076.5) ჟ-67 10752 2018-12-17 10752 2018-12-17 წიგნი 0,40 თ.
          ტექნოლოგიური ფაკულტეტის ბიბლიოთეკა ტექნოლოგიური ფაკულტეტის ბიბლიოთეკა წიგნსაცავი 2018-12-17 0.00 621.3.027.3(076.5) ჟ-67 10753 2018-12-17 10753 2018-12-17 წიგნი 0,40 თ.
          ტექნოლოგიური ფაკულტეტის ბიბლიოთეკა ტექნოლოგიური ფაკულტეტის ბიბლიოთეკა წიგნსაცავი 2018-12-17 0.00 621.3.027.3(076.5) ჟ-67 10754 2018-12-17 10754 2018-12-17 წიგნი 0,40 თ.
          ტექნოლოგიური ფაკულტეტის ბიბლიოთეკა ტექნოლოგიური ფაკულტეტის ბიბლიოთეკა წიგნსაცავი 2018-12-17 0.00 621.3.027.3(076.5) ჟ-67 10755 2018-12-17 10755 2018-12-17 წიგნი 0,40 თ.